000 00510nam a2200181Ia 4500
008 090123s9999 xx 000 0 und d
082 _b26416
100 _aप्रभावळकर दिलिप
245 _aहसगत
250 _a0
260 _bलताली प्रकाशन
300 _a221
600 _aप्रभावळकर दिलिप
630 _aहसगत
700 _aप्रभावळकर दिलिप
730 _aहसगत
942 _cBOOK
999 _c64485
_d64485